Principios de economía política y de tributación (Registro nro. 5289)
[ vista simple ]
| 000 -LEADER | |
|---|---|
| fixed length control field | 02023 a2200229 4500 |
| 001 - CONTROL NUMBER | |
| control field | 53944 |
| 005 - DATE AND TIME OF LATEST TRANSACTION | |
| control field | 20260407155810.0 |
| 008 - FIXED-LENGTH DATA ELEMENTS--GENERAL INFORMATION | |
| fixed length control field | 260407a1955 arg spa d |
| 003 - CONTROL NUMBER IDENTIFIER | |
| control field | AR-UNSa-BCEJYS |
| 040 ## - CATALOGING SOURCE | |
| Original cataloging agency | AR-UNSa-BCEJYS |
| Language of cataloging | spa |
| Transcribing agency | AR-UNSa-BCEJYS |
| 080 ## - UNIVERSAL DECIMAL CLASSIFICATION NUMBER | |
| Universal Decimal Classification number | 330.101 |
| Common auxiliary subdivision | Ciencia económica en general. La economía y sus problemas. Objeto y métodos de la economía política |
| 041 ## - LANGUAGE CODE | |
| Language code of text/sound track or separate title | spa |
| 100 1# - MAIN ENTRY--PERSONAL NAME | |
| Personal name | Ricardo, David |
| 245 10 - TITLE STATEMENT | |
| Title | Principios de economía política y de tributación |
| 250 ## - EDITION STATEMENT | |
| Edition statement | 2a. ed. |
| 264 #1 - PRODUCTION, PUBLICATION, DISTRIBUTION, MANUFACTURE, AND COPYRIGHT NOTICE | |
| Place of production, publication, distribution, manufacture | Madrid : |
| Name of producer, publisher, distributor, manufacturer | Aguilar |
| Date of production, publication, distribution, manufacture, or copyright notice | 1955 |
| 300 ## - PHYSICAL DESCRIPTION | |
| Extent | 349 p. |
| Dimensions | 22 cm. |
| 505 ## - FORMATTED CONTENTS NOTE | |
| Formatted contents note | 1. Del valor – 2. En la renta – 3. La renta de las minas – 4. Precio natural y precio del mercado – 5. Sobre los salarios – 6. De los beneficios – 7. Del comercio exterior – 8. De los impuestos – 9. Impuestos sobre los productos del suelo – 10. Impuestos sobre la renta de la tierra – 11. Diezmos – 12. Impuesto sobre la tierra – 13. Impuesto sobre el oro – 14. Impuesto sobre edificios – 15. Impuestos sobre los beneficios – 16. Impuestos sobre los salarios – 17. Impuestos sobre mercancías que no son productos del suelo – 18. Impuestos para asistencia de pobres – 19. Sobre los cambios repentinos de los cauces del tráfico – 20. Valor y riqueza. Sus caracteres distintos – 21. Efectos de la acumulación sobre los beneficios – 22. Primas a la exportación y prohibiciones de importación – 23. De las primas a la producción – 24. Doctrina de Adam Smith sobre la renta de la tierra – 25. El comercio colonial – 26. De la renta bruta y neta – 27. Sobre el dinero y los banco – 28. Sobre el valor relativo del oro, del trigo, y del trabajo en los países pobres – 29. Impuestos pagados por el productor – 30. Sobre la influencia de la oferta y la demanda de los precios – 31. Sobre la maquinaria – 32. Opiniones de Malthus sobre la renta de la tierra. |
| 590 ## - LOCAL NOTE (RLIN) | |
| Local note | niveau_biblio:m niveau_hierar:0 |
| 700 1# - ADDED ENTRY--PERSONAL NAME | |
| Personal name | Alvarez, Valentín Andrés |
| 942 ## - ADDED ENTRY ELEMENTS (KOHA) | |
| Koha item type | |
| Withdrawn status | Lost status | Damaged status | Not for loan | Home library | Current library | Shelving location | Date acquired | Total checkouts | Full call number | Barcode | Date last seen | Price effective from | Koha item type |
|---|---|---|---|---|---|---|---|---|---|---|---|---|---|
| Biblioteca Prof. Eusebio Cleto del Rey | Biblioteca Prof. Eusebio Cleto del Rey | 07/04/2026 | 330.101 R487 2ed. | L20308 | 07/04/2026 | 07/04/2026 | Libro | ||||||
| Biblioteca Prof. Eusebio Cleto del Rey | Biblioteca Prof. Eusebio Cleto del Rey | 07/04/2026 | 330.101 R487 2ed. | L20309 | 07/04/2026 | 07/04/2026 | Libro |